| 000 | 00606nam a2200229Ia 4500 | ||
|---|---|---|---|
| 003 | OSt | ||
| 005 | 20230424112508.0 | ||
| 008 | 210423s2018 xx 000 0 und d | ||
| 020 | _a978-1-259-92193-3 | ||
| 040 | _cAL | ||
| 041 | _aeng | ||
| 082 |
_a576 _223 _bTALF |
||
| 100 |
_aTALORO (Kathleen park);CHESS (Barry) _991956 |
||
| 245 | _aFoundation in microbiology Ed 10 | ||
| 250 | _a10 | ||
| 260 |
_aNew York _bMcGrawhill Education _c2018 |
||
| 300 |
_axxxii,860 _bPB |
||
| 365 |
_b5607.63 _cGBP |
||
| 650 |
_aMicrobiology _991957 |
||
| 906 | _a10 ; Foundation ; microbiology | ||
| 942 |
_2ddc _cBK |
||
| 999 |
_c170101 _d170101 |
||